120 actividades para el periodo de trabajo independiente

Gespeichert in:
Bibliographische Detailangaben
1. Verfasser: Willcox, Isobel (VerfasserIn)
Format: Buch
Sprache:Spanisch
Veröffentlicht: Ciudad de México UTEHA 1968
Schriftenreihe:Manual UTEHA Breve, Sección 17, 384
Schlagworte:
Tags: Tag hinzufügen
Keine Tags, Fügen Sie den ersten Tag hinzu!

MARC

LEADER 00000nam a2200000 a 4500
001 UCU0064
003 CL-VaPUC
008 960315e19680000MX |||||||||||||||||spa|d
082 0 4 |a 371.3  |b WIL  |2 21 
100 0 |a Willcox, Isobel  |e author  |9 355028 
245 1 0 |a 120 actividades para el periodo de trabajo independiente 
300 |a 93 p 
942 |c BK 
945 |d 19960315 00:00:00  |a lriquelm 
260 |a Ciudad de México  |b UTEHA  |c 1968 
650 0 |a Métodos de estudio  |9 260518 
650 0 |a Procesos de aprendizaje  |9 309161 
650 0 |a Métodos de aprendizaje  |9 334464 
650 0 |a Aprendizaje activo  |9 355029 
583 |a last modification  |c 19960315 00:00:00  |k Rodrigo Vera 
490 0 |a Manual UTEHA Breve, Sección 17, 384 
999 |c 245013  |d 245011 
952 |0 0  |1 0  |4 0  |6 371_300000000000000_WIL_1968  |7 0  |8 P  |9 259340  |a BIBEDU  |b BIBEDU  |c BIBEDU_PB  |d 2019-11-19  |i 1633244  |o 371.3 WIL 1968  |p 1633244  |r 2024-01-25  |w 2019-11-19  |y BK  |k EDU